Quick Pick: African Risk Territories Quiz Stats

 Plays Quiz Updated Oct 5, 2019

Score 0/6 Timer 00:30
1 Play Today
% Correct
South Africa
80.7%
Madagascar
76.7%
North Africa
72.8%
Egypt
72.3%
East Africa
71.1%
Congo
63.9%

Today's Daily Dose

Missing Word
Sherlocks

Word Ladder
King of the Hill

Quick Pick
Songs in Pink

Get the Picture
NBA Teammates

You're not logged in!

Compare scores with friends on all Sporcle quizzes.
OR
Log In

Sporcle TV

Today on Sporcle TV


Watch our educational content, quiz creation guides, and fun videos on Sporcle TV.

Show Comments

Extras

Top Quizzes Today


Score Distribution

Your Account Isn't Verified!

In order to create a playlist on Sporcle, you need to verify the email address you used during registration. Go to your Sporcle Settings to finish the process.

Report this User

Report this user for behavior that violates our Community Guidelines.

Details: